| 000 | 00673nam a2200205 a 4500 | ||
|---|---|---|---|
| 005 | 20240925065420.0 | ||
| 008 | 040209s1998 mx r 000 0 spa d | ||
| 020 | _a9682321034 | ||
| 035 | _aUPN01000131730 | ||
| 049 | _aCG | ||
| 050 | 4 |
_aHX73 _bS3.5 |
|
| 100 | 1 |
_aSchaff, Adam, _d1913-2006 _929973 |
|
| 245 | 1 | 0 |
_aMeditaciones sobre el socialismo / _cAdam Schaff ; tr. Jorge Ruiz Lardizábal. |
| 260 |
_aMéxico : _bSiglo XXI : _bUNAM, Centro de Investigaciones Interdisciplinarias en Ciencias y Humanidades, _c1998. |
||
| 300 | _a219 p. | ||
| 440 | 3 | _aEl mundo del siglo XXI | |
| 534 |
_pTítulo original: _tMedytacje |
||
| 650 | 4 |
_aSocialismo _97360 |
|
| 905 | _aLibro | ||
| 999 |
_c103885 _d103885 |
||